[Event "4NCL Division 2b"]
[Site "Telford, ENG"]
[Date "2018.03.17"]
[Round "7.51"]
[White "Mueller, Constantin"]
[Black "Swanson, Stephen"]
[Result "1/2-1/2"]
[WhiteElo "2272"]
[BlackElo "2206"]
[PlyCount "63"]
[EventDate "2018.03.17"]
[WhiteTeam "North East England"]
[BlackTeam "Poisoned Pawns 1"]

1. d4 d6 2. c4 g6 3. Nc3 Bg7 4. e4 e5 5. d5 a5 6. Be2 Na6 7. h4 h5 8. Bg5 f6 9.
Be3 Bh6 10. Qd2 Nc5 11. O-O-O Bd7 12. Nh3 Bxe3 13. Qxe3 Qe7 14. f3 O-O-O 15.
Nf2 f5 16. exf5 gxf5 17. g3 Nf6 18. Kb1 Kb8 19. Nh3 Rde8 20. Ng5 Rhf8 21. Rhe1
f4 22. gxf4 exf4 23. Qxe7 Rxe7 24. Rd4 Bf5+ 25. Kc1 Ncd7 26. Kd2 Bg6 27. Rg1
Ne5 28. Nh3 Ref7 29. Nd1 Bb1 30. Nc3 Bg6 31. Nd1 Bb1 32. Nc3 1/2-1/2

[Event "4NCL Division 2b"]
[Site "Telford, ENG"]
[Date "2018.03.17"]
[Round "7.52"]
[White "Harley, Andrew D"]
[Black "Dunn, Andrew"]
[Result "1/2-1/2"]
[WhiteElo "2196"]
[BlackElo "2237"]
[PlyCount "41"]
[EventDate "2018.03.17"]
[WhiteTeam "Poisoned Pawns 1"]
[BlackTeam "North East England"]

1. e4 c6 2. d4 d5 3. exd5 cxd5 4. c4 Nf6 5. Nc3 Nc6 6. Nf3 Bg4 7. Bg5 Ne4 8.
cxd5 Nxc3 9. bxc3 Qxd5 10. Qb3 Qxb3 11. axb3 e6 12. Bb5 Bxf3 13. gxf3 Bd6 14.
O-O f6 15. Be3 Kd7 16. d5 exd5 17. Bxa7 Kc7 18. Be3 Be5 19. Rxa8 Rxa8 20. Rd1
Rd8 21. Rd3 1/2-1/2

[Event "4NCL Division 2b"]
[Site "Telford, ENG"]
[Date "2018.03.17"]
[Round "7.53"]
[White "Wall, Tim P"]
[Black "Clark, Kevin R"]
[Result "1-0"]
[WhiteElo "2235"]
[BlackElo "2134"]
[PlyCount "47"]
[EventDate "2018.03.17"]
[WhiteTeam "North East England"]
[BlackTeam "Poisoned Pawns 1"]

1. d4 e6 2. Bf4 d5 3. e3 c5 4. c3 Nc6 5. Nf3 Nf6 6. Nbd2 Be7 7. Bd3 O-O 8. Ne5
Nxe5 9. dxe5 Ne8 10. h4 f5 11. Nf3 Nc7 12. g4 Bd7 13. Qe2 Rc8 14. O-O-O d4 15.
gxf5 dxc3 16. fxe6 Nxe6 17. Ng5 cxb2+ 18. Kb1 Bxg5 19. hxg5 Nxg5 20. Bxg5 Qxg5
21. Bxh7+ Kf7 22. Rxd7+ Ke8 23. f4 Qg3 24. Qd3 1-0

[Event "4NCL Division 2b"]
[Site "Telford, ENG"]
[Date "2018.03.17"]
[Round "7.54"]
[White "Byway, Paul V"]
[Black "Moreby, James"]
[Result "1/2-1/2"]
[WhiteElo "2052"]
[BlackElo "2230"]
[PlyCount "57"]
[EventDate "2018.03.17"]
[WhiteTeam "Poisoned Pawns 1"]
[BlackTeam "North East England"]

1. Nf3 Nf6 2. c4 g6 3. d4 Bg7 4. Nc3 O-O 5. g3 d6 6. Bg2 Nc6 7. O-O a6 8. Bg5
Rb8 9. Rc1 Bd7 10. d5 Na5 11. b3 c5 12. e4 Bg4 13. h3 Bxf3 14. Qxf3 Nd7 15. Qe2
Re8 16. h4 Qc7 17. Bh3 e5 18. Qg4 Nf8 19. h5 h6 20. Bd2 b6 21. hxg6 fxg6 22.
Qh4 Kh7 23. Nd1 Nb7 24. Ne3 Qe7 25. Qxe7 Rxe7 26. Kg2 Nd8 27. Rh1 Nf7 28. Bg4
Kg8 29. Be2 1/2-1/2

[Event "4NCL Division 2b"]
[Site "Telford, ENG"]
[Date "2018.03.17"]
[Round "7.55"]
[White "Dargan, Paul A G"]
[Black "Davison, Chris"]
[Result "1/2-1/2"]
[WhiteElo "2207"]
[BlackElo "2060"]
[PlyCount "130"]
[EventDate "2018.03.17"]
[WhiteTeam "North East England"]
[BlackTeam "Poisoned Pawns 1"]

1. d4 Nf6 2. c4 Nc6 3. Nf3 e6 4. Nc3 Bb4 5. Qc2 d5 6. Bg5 h6 7. Bxf6 Qxf6 8. e3
O-O 9. a3 Bxc3+ 10. Qxc3 Ne7 11. cxd5 Nxd5 12. Qc2 Qe7 13. Rc1 Bd7 14. Bc4 Nb6
15. Be2 Bc6 16. O-O Bxf3 17. Bxf3 c6 18. b4 Nd7 19. Qb3 Nf6 20. Rc2 Rfd8 21. a4
e5 22. dxe5 Qxe5 23. Rb1 Rd7 24. h3 Rad8 25. Qc4 Ne4 26. Rbc1 Nd2 27. Qe2 Nxf3+
28. Qxf3 Qd5 29. Qxd5 Rxd5 30. Kf1 R8d7 31. Ke2 a5 32. Rb1 axb4 33. Rxb4 Ra5
34. Rd2 Rxd2+ 35. Kxd2 b5 36. axb5 cxb5 37. Rb2 Kf8 38. Kc3 Ke7 39. Kb4 Ra8 40.
Rc2 Rb8 41. Rc5 Ra8 42. Rxb5 Ra2 43. Rf5 Ke6 44. g4 h5 45. Kb3 hxg4 46. hxg4
Re2 47. Kc3 Ra2 48. f3 Ra3+ 49. Kd2 Ra2+ 50. Kd3 Ra3+ 51. Ke2 Ra2+ 52. Kf1 Rb2
53. Ra5 Kf6 54. Ra1 Kg5 55. Re1 g6 56. Re2 Rb1+ 57. Kf2 f5 58. Kg3 fxg4 59. f4+
Kf6 60. Kxg4 Rg1+ 61. Kf3 g5 62. fxg5+ Rxg5 63. e4 Ke5 64. Ra2 Rg1 65. Ra5+ Ke6
1/2-1/2

[Event "4NCL Division 2b"]
[Site "Telford, ENG"]
[Date "2018.03.17"]
[Round "7.56"]
[White "Bin-Suhayl, Ieysaa"]
[Black "Dalton, Joseph"]
[Result "1/2-1/2"]
[WhiteElo "2021"]
[BlackElo "2207"]
[PlyCount "105"]
[EventDate "2018.03.17"]
[WhiteTeam "Poisoned Pawns 1"]
[BlackTeam "North East England"]

1. Nf3 d6 2. d4 Bg4 3. e4 Nd7 4. Bd3 g6 5. Nbd2 Bg7 6. h3 Bxf3 7. Nxf3 c5 8. c3
Qb6 9. Qa4 a6 10. O-O Qc6 11. Qxc6 bxc6 12. Be3 cxd4 13. cxd4 e5 14. dxe5 Nxe5
15. Nxe5 Bxe5 16. Rac1 Ne7 17. b3 O-O 18. Rfd1 Rfd8 19. f4 Bf6 20. Bb6 Rd7 21.
Be2 Bb2 22. Rc2 Ba3 23. Bc5 Bxc5+ 24. Rxc5 a5 25. Rc4 Kg7 26. Bf3 Rad8 27. Ra4
Ra7 28. Rad4 Rad7 29. Ra4 Ra7 30. b4 Rda8 31. Rxd6 axb4 32. Rxb4 Rxa2 33. e5
R2a6 34. Rb7 Kf8 35. Rc7 R6a7 36. Rxa7 Rxa7 37. Bxc6 Nf5 38. Rf6 Ra6 39. Bd7
Rxf6 40. exf6 Ng3 41. Bg4 Ne4 42. Bf3 Nxf6 43. g4 Kg7 44. g5 Nd7 45. Kf2 f6 46.
Ke3 Nc5 47. Bd5 fxg5 48. fxg5 h6 49. h4 Nd7 50. Kf4 Nf8 51. Bc4 Nh7 52. Bd5
Nxg5 53. hxg5 1/2-1/2

[Event "4NCL Division 2b"]
[Site "Telford, ENG"]
[Date "2018.03.17"]
[Round "7.57"]
[White "Coathup, Roger H"]
[Black "Rosen, Daniel B"]
[Result "1-0"]
[WhiteElo "2155"]
[BlackElo "2061"]
[PlyCount "57"]
[EventDate "2018.03.17"]
[WhiteTeam "North East England"]
[BlackTeam "Poisoned Pawns 1"]

1. d4 f5 2. c4 e6 3. Nc3 Bb4 4. e3 Nf6 5. Bd3 O-O 6. Nge2 b6 7. O-O Bb7 8. f3
Nc6 9. a3 Bxc3 10. Nxc3 Qe7 11. Qc2 h6 12. b4 d6 13. Bb2 Nd8 14. a4 a5 15. b5
Nf7 16. Qb3 Nd7 17. Rad1 Qg5 18. Bc1 e5 19. Qc2 Nd8 20. Nd5 Bxd5 21. cxd5 Rc8
22. dxe5 dxe5 23. f4 exf4 24. exf4 Qh5 25. Ba3 Nc5 26. Bxc5 bxc5 27. Qxc5 Nf7
28. Rde1 g5 29. Bxf5 1-0

[Event "4NCL Division 2b"]
[Site "Telford, ENG"]
[Date "2018.03.17"]
[Round "7.58"]
[White "Nendick, Philip Hc"]
[Black "Henderson, David"]
[Result "0-1"]
[WhiteElo "2057"]
[BlackElo "2125"]
[PlyCount "52"]
[EventDate "2018.03.17"]
[WhiteTeam "Poisoned Pawns 1"]
[BlackTeam "North East England"]

1. d4 d5 2. c4 e6 3. Nc3 Be7 4. cxd5 exd5 5. Bf4 c6 6. e3 Bf5 7. g4 Be6 8. Bd3
Nd7 9. h3 h5 10. Bf5 Nf8 11. Qf3 Qd7 12. Bxe6 Nxe6 13. gxh5 Nxf4 14. Qxf4 Rxh5
15. O-O-O Bd6 16. Qf3 Qf5 17. Qe2 O-O-O 18. f4 Re8 19. Qf3 Rxe3 20. Qxe3 Bxf4
21. Qxf4 Qxf4+ 22. Kb1 Nf6 23. Nge2 Qf5+ 24. Ka1 Rxh3 25. Rhf1 Rf3 26. Ng3 Qg4
0-1

[Event "4NCL Division 2b"]
[Site "Telford, ENG"]
[Date "2018.03.17"]
[Round "7.61"]
[White "Lewis, Andrew P"]
[Black "Polaczek, Richard"]
[Result "1-0"]
[WhiteElo "2269"]
[BlackElo "2389"]
[PlyCount "77"]
[EventDate "2018.03.17"]
[WhiteTeam "Anglian Avengers 1"]
[BlackTeam "Manchester Manticores 1"]

1. Nf3 Nf6 2. c4 e6 3. g3 d5 4. Bg2 dxc4 5. Qa4+ Nbd7 6. Qxc4 c5 7. Qb3 Be7 8.
O-O O-O 9. Nc3 a6 10. a4 Bd6 11. a5 Qc7 12. d3 Nb8 13. Bg5 Nc6 14. Bxf6 gxf6
15. Qc4 Be7 16. Qg4+ Kh8 17. Qh5 Rg8 18. Ne4 Rg6 19. Rfc1 e5 20. Bh3 Bxh3 21.
Qxh3 Nxa5 22. Rc3 b6 23. b4 Nc6 24. bxc5 b5 25. Nh4 Nd4 26. Kf1 Qc6 27. Qg2
Rag8 28. e3 f5 29. Nxg6+ hxg6 30. exd4 exd4 31. Rca3 fxe4 32. Rxa6 Qxc5 33.
Qxe4 Kg7 34. Ra7 Bf6 35. Qe6 Rf8 36. R1a6 Qg5 37. h4 Qe5 38. Qxe5 Bxe5 39. Rb6
1-0

[Event "4NCL Division 2b"]
[Site "Telford, ENG"]
[Date "2018.03.17"]
[Round "7.62"]
[White "Peacock, Malcolm R"]
[Black "Player, Edmund C"]
[Result "1-0"]
[WhiteElo "2080"]
[BlackElo "2230"]
[PlyCount "91"]
[EventDate "2018.03.17"]
[WhiteTeam "Manchester Manticores 1"]
[BlackTeam "Anglian Avengers 1"]

1. c4 e5 2. g3 Nf6 3. Bg2 h6 4. a3 c6 5. d4 exd4 6. Qxd4 d5 7. cxd5 cxd5 8. Nf3
Nc6 9. Qa4 Be7 10. O-O O-O 11. Nbd2 Qb6 12. Nb3 Bd7 13. Be3 Qd8 14. Bc5 Na5 15.
Qb5 Bxc5 16. Nxc5 b6 17. Nxd7 Qxd7 18. Nd4 Rac8 19. b3 Nc6 20. Qa4 Nxd4 21.
Qxd4 Qb5 22. Qb2 Rc5 23. Bh3 Re8 24. e3 Ne4 25. a4 Qb4 26. Rac1 Rxc1 27. Rxc1
Nc5 28. Rd1 Rd8 29. Rb1 d4 30. exd4 Rxd4 31. Bf1 Qd2 32. Qxd2 Rxd2 33. Bc4 Rc2
34. Re1 Kf8 35. Ra1 Rb2 36. a5 Nxb3 37. axb6 axb6 38. Ra8+ Ke7 39. Ra7+ Kf6 40.
Rxf7+ Kg6 41. Rf8 Nc5 42. f4 b5 43. Bd5 Rd2 44. f5+ Kg5 45. Bf3 g6 46. h4# 1-0

[Event "4NCL Division 2b"]
[Site "Telford, ENG"]
[Date "2018.03.17"]
[Round "7.63"]
[White "Talsma, Paul"]
[Black "Mazek, Marek"]
[Result "0-1"]
[WhiteElo "2207"]
[BlackElo "2110"]
[PlyCount "72"]
[EventDate "2018.03.17"]
[WhiteTeam "Anglian Avengers 1"]
[BlackTeam "Manchester Manticores 1"]

1. d4 d5 2. c4 c6 3. e3 Nf6 4. Nc3 e6 5. Nf3 a6 6. Bd3 dxc4 7. Bxc4 b5 8. Bd3
c5 9. a4 cxd4 10. exd4 b4 11. Ne4 Nbd7 12. O-O Bb7 13. Qe2 Be7 14. Bd2 Nxe4 15.
Bxe4 Bxe4 16. Qxe4 O-O 17. Rfc1 Nf6 18. Qb7 Nd5 19. Ne5 Qb8 20. Qxb8 Rfxb8 21.
Nc6 Rb7 22. Rc4 a5 23. b3 Bd6 24. Rac1 h6 25. g3 Nb6 26. R4c2 Nd5 27. Kg2 Rc7
28. Kf3 Kf8 29. Ke4 Ke8 30. Kd3 f6 31. h3 Kd7 32. Rc4 Rb7 33. Ke4 Rc7 34. Kd3
g5 35. Ke4 Nb6 36. R4c2 Rac8 0-1

[Event "4NCL Division 2b"]
[Site "Telford, ENG"]
[Date "2018.03.17"]
[Round "7.64"]
[White "Jayawarna, Nugith"]
[Black "Gallagher, Daniel GH"]
[Result "1-0"]
[WhiteElo "2110"]
[BlackElo "2200"]
[PlyCount "91"]
[EventDate "2018.03.17"]
[WhiteTeam "Manchester Manticores 1"]
[BlackTeam "Anglian Avengers 1"]

1. c4 b6 2. Nc3 Bb7 3. e4 e6 4. g3 f5 5. d3 Nf6 6. Bg2 fxe4 7. dxe4 Bb4 8. Qc2
O-O 9. Nge2 Nc6 10. O-O Bc5 11. h3 Ne5 12. Na4 Qe7 13. Nxc5 Qxc5 14. b3 Nc6 15.
a3 Nd4 16. Nxd4 Qxd4 17. Bb2 Bxe4 18. Bxd4 Bxc2 19. Bxa8 Rxa8 20. Bxf6 gxf6 21.
b4 e5 22. Rfc1 Bf5 23. h4 Kf7 24. c5 Rc8 25. a4 Be4 26. cxb6 axb6 27. a5 bxa5
28. bxa5 c5 29. a6 d5 30. a7 d4 31. Re1 Bd5 32. Reb1 c4 33. Rb8 Rc7 34. a8=Q
Bxa8 35. Rbxa8 d3 36. Kf1 c3 37. R8a7 Rxa7 38. Rxa7+ Ke6 39. Ke1 h5 40. Rc7 c2
41. Kd2 e4 42. Rc5 f5 43. Rc6+ Ke5 44. Rh6 e3+ 45. fxe3 Ke4 46. Rxh5 1-0

[Event "4NCL Division 2b"]
[Site "Telford, ENG"]
[Date "2018.03.17"]
[Round "7.65"]
[White "Tozer, Philip A A"]
[Black "Hamer, Martyn"]
[Result "1-0"]
[WhiteElo "2160"]
[BlackElo "2102"]
[PlyCount "83"]
[EventDate "2018.03.17"]
[WhiteTeam "Anglian Avengers 1"]
[BlackTeam "Manchester Manticores 1"]

1. g3 e5 2. c4 Nc6 3. Nc3 g6 4. Bg2 Bg7 5. e4 d6 6. Nge2 Nge7 7. O-O O-O 8. d3
f5 9. Nd5 Nxd5 10. cxd5 Ne7 11. Qb3 Kh8 12. Be3 c5 13. dxc6 Nxc6 14. Rad1 Qe7
15. exf5 gxf5 16. d4 Be6 17. d5 Bf7 18. Qa3 Nd8 19. Rde1 Bh5 20. Nc3 a6 21. f4
e4 22. Nb5 Nf7 23. Nd4 Nd8 24. Rc1 Qd7 25. Qa5 Rc8 26. Rxc8 Qxc8 27. Rc1 Qb8
28. Qb6 Rf7 29. Bf1 Bg6 30. Bxa6 Qa8 31. Bb5 Bf6 32. a4 h5 33. Qxd6 Bh7 34. Rc7
Rxc7 35. Qf8+ Bg8 36. Qh6+ Bh7 37. Qf8+ Bg8 38. Qxf6+ Kh7 39. Qxf5+ Kh6 40.
Qg5+ Kh7 41. Qxh5+ Kg7 42. Qe5+ 1-0

[Event "4NCL Division 2b"]
[Site "Telford, ENG"]
[Date "2018.03.17"]
[Round "7.66"]
[White "Kay, Lee P"]
[Black "Peck, Silas"]
[Result "1-0"]
[WhiteElo "2050"]
[BlackElo "2125"]
[PlyCount "53"]
[EventDate "2018.03.17"]
[WhiteTeam "Manchester Manticores 1"]
[BlackTeam "Anglian Avengers 1"]

1. e4 e5 2. d4 exd4 3. Qxd4 Nc6 4. Qe3 Nf6 5. Nc3 Bb4 6. Bd2 O-O 7. O-O-O Re8
8. Qg3 Rxe4 9. a3 Ba5 10. f3 Nh5 11. Qh3 Rh4 12. Qf5 Ng3 13. hxg3 Rxh1 14. Nh3
d6 15. Qh5 Be6 16. Bd3 Rxd1+ 17. Kxd1 g6 18. Qh6 Qf8 19. Qh4 Bxh3 20. gxh3 f5
21. Bc4+ Kh8 22. Bh6 g5 23. Bxg5 Bxc3 24. bxc3 h6 25. Bxh6 Qe7 26. Bg5+ Qh7 27.
Bf6# 1-0

[Event "4NCL Division 2b"]
[Site "Telford, ENG"]
[Date "2018.03.17"]
[Round "7.67"]
[White "Cocks, Elliot"]
[Black "Newton, Robert A"]
[Result "1-0"]
[WhiteElo "2065"]
[BlackElo "2035"]
[PlyCount "117"]
[EventDate "2018.03.17"]
[WhiteTeam "Anglian Avengers 1"]
[BlackTeam "Manchester Manticores 1"]

1. e4 c5 2. Nf3 d6 3. c3 a6 4. d4 Nd7 5. Be2 Qc7 6. O-O g6 7. a4 Bg7 8. Re1 b6
9. Na3 Bb7 10. Bf1 Ngf6 11. e5 dxe5 12. dxe5 Ng4 13. Nc4 O-O 14. Bf4 Rad8 15.
Qe2 b5 16. axb5 axb5 17. Na3 Bxf3 18. Qxf3 Ngxe5 19. Qe4 f5 20. Qd5+ e6 21.
Nxb5 Qb6 22. Qd6 Qxd6 23. Nxd6 Ra8 24. Rxa8 Rxa8 25. Nc4 Nxc4 26. Bxc4 Nf8 27.
Bd6 Rc8 28. Rxe6 Kh8 29. Re1 Nd7 30. Be6 Re8 31. Kf1 Nf8 32. Bc4 Rd8 33. Bxc5
Rc8 34. b4 Bxc3 35. Re7 h5 36. Rf7 Nh7 37. Ke2 Bg7 38. f4 Nf6 39. Kf3 Ne4 40.
Be6 Ra8 41. Ra7 Rd8 42. Be3 Rb8 43. Bf7 Kh7 44. Ra6 Bf6 45. Rb6 Rxb6 46. Bxb6
Bc3 47. Bc5 Kg7 48. Bd5 Nxc5 49. bxc5 h4 50. c6 Ba5 51. Ke3 g5 52. fxg5 Kg6 53.
g4 fxg4 54. Kf4 g3 55. h3 Bc7+ 56. Kg4 Bd8 57. Be4+ Kg7 58. Kxh4 Bc7 59. Kg4
1-0

[Event "4NCL Division 2b"]
[Site "Telford, ENG"]
[Date "2018.03.17"]
[Round "7.71"]
[White "Pitcher, John"]
[Black "Martin, Andrew D"]
[Result "1-0"]
[WhiteElo "2237"]
[BlackElo "2364"]
[PlyCount "129"]
[EventDate "2018.03.17"]
[WhiteTeam "Warwickshire Select 1"]
[BlackTeam "Guildford 3"]

1. e4 Nc6 2. Nc3 e6 3. Nf3 Bb4 4. d4 d5 5. e5 b6 6. Bd3 Qd7 7. O-O Bb7 8. Ne2
Bf8 9. c3 Nge7 10. Re1 h6 11. Bd2 a5 12. Nf4 Ba6 13. Bc2 g6 14. h4 Nd8 15. Nh2
h5 16. Nh3 Nf5 17. Bg5 Be7 18. Nf3 Bxg5 19. hxg5 Ne7 20. Nf4 c5 21. Qd2 Rc8 22.
Rad1 c4 23. Nh2 Qc6 24. Rb1 Kd7 25. Nf1 Kc7 26. Ne3 Kb7 27. Rec1 Ka7 28. b4
cxb3 29. Bxb3 a4 30. Bd1 Nb7 31. Qc2 Rc7 32. Rb4 Rhc8 33. Qb1 Na5 34. Rxa4 Qb7
35. Qb2 Rc6 36. Bf3 Qc7 37. Qa3 Qd7 38. Rb4 Qd8 39. Qb2 R8c7 40. Rb1 Nc8 41.
Bd1 Qxg5 42. Nh3 Qe7 43. Rc1 Nc4 44. Nxc4 Rxc4 45. Rxc4 Bxc4 46. a4 Rc6 47. Ra1
Qc7 48. Ng5 Bd3 49. Ra3 Qe7 50. Nh7 Qd8 51. Nf6 Ne7 52. a5 bxa5 53. Qb4 Ra6 54.
Qc5+ Ka8 55. Ba4 Bc4 56. Nd7 Kb7 57. Ra1 Nc8 58. Rb1+ Nb6 59. Bc6+ Ka7 60. Nxb6
Rxb6 61. Qxa5+ Ba6 62. Rxb6 Qxb6 63. Qxb6+ Kxb6 64. Be8 Bd3 65. Kh2 1-0

[Event "4NCL Division 2b"]
[Site "Telford, ENG"]
[Date "2018.03.17"]
[Round "7.72"]
[White "Povah, Nigel E"]
[Black "Mason, Donald J"]
[Result "0-1"]
[WhiteElo "2284"]
[BlackElo "2192"]
[PlyCount "66"]
[EventDate "2018.03.17"]
[WhiteTeam "Guildford 3"]
[BlackTeam "Warwickshire Select 1"]

1. d4 d5 2. Nf3 Nf6 3. e3 Bf5 4. c4 c6 5. Qb3 Qc7 6. cxd5 cxd5 7. Bd2 a6 8. Nc3
e6 9. Rc1 Nc6 10. Qa4 Be7 11. Ne5 O-O 12. Ne2 Nxe5 13. Rxc7 Nd3+ 14. Kd1 Nxb2+
15. Ke1 Nxa4 16. Rxe7 b5 17. f3 Rfe8 18. Rb7 Reb8 19. Rxb8+ Rxb8 20. g4 Bb1 21.
a3 Rc8 22. Nc1 Nb2 23. Nb3 Nd7 24. Bb4 Ba2 25. Nc5 Nxc5 26. Bxc5 Na4 27. Bb4
Rc2 28. Bd2 Bc4 29. h4 Ra2 30. Bb4 Nb2 31. Rg1 Bxf1 32. Kxf1 Nd3 33. Rg2 Rxg2
0-1

[Event "4NCL Division 2b"]
[Site "Telford, ENG"]
[Date "2018.03.17"]
[Round "7.73"]
[White "Thomas, Nicholas"]
[Black "Grieve, Harry"]
[Result "1/2-1/2"]
[WhiteElo "2209"]
[BlackElo "2216"]
[PlyCount "134"]
[EventDate "2018.03.17"]
[WhiteTeam "Warwickshire Select 1"]
[BlackTeam "Guildford 3"]

1. e4 e5 2. Nf3 Nc6 3. Bc4 Nf6 4. d4 exd4 5. O-O Nxe4 6. Re1 d5 7. Bxd5 Qxd5 8.
Nc3 Qd7 9. Nxe4 Be7 10. Bg5 O-O 11. Bxe7 Qxe7 12. Nxd4 Bd7 13. Nb3 Rae8 14. Re3
Bc8 15. Qh5 Ne5 16. h3 f6 17. Rae1 Qf7 18. Qe2 Bd7 19. Nec5 Bc6 20. Nd4 Qd5 21.
Nxc6 Qxc6 22. Nd3 Nxd3 23. Qxd3 Rxe3 24. Rxe3 Rf7 25. Qb3 Kf8 26. Qa3+ Kg8 27.
Qxa7 g6 28. c3 Rd7 29. Qb8+ Kg7 30. Re1 b6 31. Qe8 Qd6 32. Re6 Qd1+ 33. Kh2 Rf7
34. g3 Qf3 35. Re2 h5 36. h4 g5 37. Qe4 Qxe4 38. Rxe4 Kg6 39. Rc4 Kf5 40. Kg2
Rd7 41. b4 Ke5 42. a4 Rg7 43. Kf3 c5 44. bxc5 Kd5 45. Rd4+ Kxc5 46. g4 hxg4+
47. Rxg4 Rf7 48. hxg5 fxg5+ 49. Kg3 Rf5 50. f3 Kc6 51. Rc4+ Kd6 52. Kg4 Ra5 53.
Kh5 Rf5 54. Kg4 Ra5 55. Rd4+ Kc6 56. Re4 Kd6 57. Kh5 Rf5 58. Re3 Rc5 59. Kg6
Kd7 60. Kf6 Kd6 61. Rd3+ Kc6 62. Kg6 Kc7 63. Kh5 Kc6 64. Kg4 Ra5 65. Rd4 Kc7
66. Rb4 Kc6 67. Rc4+ Kd6 1/2-1/2

[Event "4NCL Division 2b"]
[Site "Telford, ENG"]
[Date "2018.03.17"]
[Round "7.74"]
[White "Osborne, Marcus E"]
[Black "Brooks, Phil J"]
[Result "1/2-1/2"]
[WhiteElo "2140"]
[BlackElo "2174"]
[PlyCount "75"]
[EventDate "2018.03.17"]
[WhiteTeam "Guildford 3"]
[BlackTeam "Warwickshire Select 1"]

1. d4 e6 2. Nf3 d5 3. c4 c6 4. Qc2 dxc4 5. Qxc4 Nf6 6. Nbd2 Be7 7. g3 O-O 8.
Bg2 b6 9. Qc2 Bb7 10. O-O Nbd7 11. Rd1 Rc8 12. Ne5 b5 13. Nb3 Qc7 14. Nxd7 Nxd7
15. Nc5 Nxc5 16. dxc5 Rcd8 17. Be3 Rxd1+ 18. Rxd1 Rd8 19. Rxd8+ Qxd8 20. Be4 h6
21. Qc1 Bf6 22. h4 Be5 23. Bb1 f5 24. b4 Qd5 25. Qc2 Qc4 26. Qd2 Qd5 27. f4
Qxd2 28. Bxd2 Bd4+ 29. e3 Bf6 30. e4 Bd4+ 31. Kg2 Bc8 32. Kf3 h5 33. Be1 g6 34.
Ke2 Kg7 35. Bc2 Bd7 36. e5 a6 37. Kd3 Bg1 38. Kd2 1/2-1/2

[Event "4NCL Division 2b"]
[Site "Telford, ENG"]
[Date "2018.03.17"]
[Round "7.75"]
[White "Fallowfield, Jeremy R"]
[Black "Emerson, Roger"]
[Result "1/2-1/2"]
[WhiteElo "2155"]
[BlackElo "2213"]
[PlyCount "20"]
[EventDate "2018.03.17"]
[WhiteTeam "Warwickshire Select 1"]
[BlackTeam "Guildford 3"]

1. d4 Nf6 2. c4 g6 3. g3 Bg7 4. Bg2 O-O 5. Nc3 d6 6. Nf3 Nbd7 7. O-O e5 8. e4
c6 9. h3 Qb6 10. Re1 Ne8 1/2-1/2

[Event "4NCL Division 2b"]
[Site "Telford, ENG"]
[Date "2018.03.17"]
[Round "7.76"]
[White "Granat, Russell G"]
[Black "Baruch, Andrew J D"]
[Result "1-0"]
[WhiteElo "2196"]
[BlackElo "2081"]
[PlyCount "81"]
[EventDate "2018.03.17"]
[WhiteTeam "Guildford 3"]
[BlackTeam "Warwickshire Select 1"]

1. e4 Nf6 2. Nc3 d5 3. e5 Ne4 4. Nf3 Nc5 5. d4 Ne6 6. Be3 g6 7. Qd2 Ng7 8. Bh6
Nf5 9. Bxf8 Kxf8 10. g4 Ng7 11. Qf4 Be6 12. O-O-O c6 13. Bd3 Kg8 14. Rhg1 Nd7
15. h4 c5 16. h5 c4 17. Bf1 Rb8 18. Ng5 Nf8 19. Bg2 h6 20. Nxe6 Ngxe6 21. Qd2
g5 22. Nxd5 b5 23. Rge1 a5 24. Rf1 b4 25. f4 Rb5 26. f5 Rxd5 27. fxe6 Nxe6 28.
Bxd5 Qxd5 29. Qf2 Nf4 30. Qe3 Kg7 31. Rxf4 gxf4 32. Qxf4 c3 33. Kb1 a4 34. Rg1
b3 35. axb3 axb3 36. g5 bxc2+ 37. Kxc2 Rb8 38. gxh6+ Kh8 39. b4 Rxb4 40. Rg8+
Kxg8 41. Qg4+ 1-0

[Event "4NCL Division 2b"]
[Site "Telford, ENG"]
[Date "2018.03.17"]
[Round "7.77"]
[White "Cundy, Mark A"]
[Black "Sharpe, Ian W"]
[Result "0-1"]
[WhiteElo "1926"]
[BlackElo "2196"]
[PlyCount "64"]
[EventDate "2018.03.17"]
[WhiteTeam "Warwickshire Select 1"]
[BlackTeam "Guildford 3"]

1. e4 d6 2. d4 Nf6 3. Nc3 c6 4. f4 Qa5 5. Bd3 e5 6. Nf3 exd4 7. Nxd4 g6 8. Qf3
Bg7 9. Nb3 Qc7 10. O-O O-O 11. f5 Nbd7 12. Qh3 Ne5 13. Bh6 b5 14. Bxg7 Kxg7 15.
Nd2 Bd7 16. Be2 Qb6+ 17. Kh1 b4 18. Nd1 Qd4 19. Qe3 Qxe3 20. Nxe3 c5 21. Nd5
Nxd5 22. exd5 Bxf5 23. Rac1 Rab8 24. Bf3 Rfe8 25. Kg1 a5 26. Kf2 Re7 27. h3 c4
28. g4 Bd7 29. b3 cxb3 30. axb3 Bb5 31. Rfe1 Rc7 32. Re3 Nd3+ 0-1

[Event "4NCL Division 2b"]
[Site "Telford, ENG"]
[Date "2018.03.17"]
[Round "7.78"]
[White "Punnett, Alan K"]
[Black "Patel, Devan"]
[Result "1-0"]
[WhiteElo "2059"]
[BlackElo "1855"]
[PlyCount "61"]
[EventDate "2018.03.17"]
[WhiteTeam "Guildford 3"]
[BlackTeam "Warwickshire Select 1"]

1. e4 Nc6 2. Nf3 d6 3. d4 Nf6 4. d5 Ne5 5. Nxe5 dxe5 6. Bd3 e6 7. c4 Bc5 8. O-O
h6 9. Nd2 exd5 10. cxd5 O-O 11. Qc2 Qe7 12. Nc4 b6 13. Be3 Bxe3 14. Nxe3 Ng4
15. Nxg4 Bxg4 16. Rac1 Rac8 17. Ba6 Rcd8 18. Qxc7 Qg5 19. Qc3 Rd6 20. Rfe1 Rg6
21. Qe3 Qh4 22. Rc3 f5 23. exf5 Rxf5 24. Qg3 Qf6 25. Rc6 Qg5 26. Rxg6 Qxg6 27.
Bd3 e4 28. Bxe4 Re5 29. Qxe5 Bf3 30. Bxg6 Be4 31. Qe8# 1-0

[Event "4NCL Division 2b"]
[Site "Telford, ENG"]
[Date "2018.03.17"]
[Round "7.81"]
[White "Bullen, Alex"]
[Black "Harakis, Alexis M"]
[Result "0-1"]
[WhiteElo "2148"]
[BlackElo "2261"]
[PlyCount "48"]
[EventDate "2018.03.17"]
[WhiteTeam "West is Best 2"]
[BlackTeam "KJCA Kings"]

1. d4 d5 2. Bf4 c5 3. e3 Nc6 4. c3 Nf6 5. Nd2 e6 6. Ngf3 cxd4 7. exd4 Nh5 8.
Bg5 f6 9. Be3 Bd6 10. Nh4 g6 11. Bd3 f5 12. g3 f4 13. Nxg6 hxg6 14. Bxg6+ Kd7
15. gxf4 Nxf4 16. Bxf4 Bxf4 17. Nf3 Qf6 18. Bd3 Kc7 19. h4 Bd7 20. Rg1 Rag8 21.
Rxg8 Rxg8 22. Qe2 Be8 23. Kd1 Bh5 24. Kc2 Bd6 0-1

[Event "4NCL Division 2b"]
[Site "Telford, ENG"]
[Date "2018.03.17"]
[Round "7.83"]
[White "Taylor, William J"]
[Black "Bansal, Rohan"]
[Result "1-0"]
[WhiteElo "2066"]
[BlackElo "2028"]
[PlyCount "61"]
[EventDate "2018.03.17"]
[WhiteTeam "West is Best 2"]
[BlackTeam "KJCA Kings"]

1. e4 e6 2. d4 d5 3. Nd2 c5 4. exd5 Qxd5 5. dxc5 Nf6 6. Nb3 Qxd1+ 7. Kxd1 a6 8.
f3 Be7 9. Bd3 O-O 10. Ne2 Nbd7 11. Be3 Ne5 12. Nc3 Rd8 13. Ke2 Nxd3 14. cxd3 e5
15. Rhd1 Be6 16. Na5 Nd5 17. Nxd5 Bxd5 18. Nc4 Bxc4 19. dxc4 f6 20. Rd5 Kf7 21.
Rad1 Ke6 22. f4 Rac8 23. fxe5 fxe5 24. b4 a5 25. b5 Rc7 26. Kd3 Rdd7 27. Ke4
Bf6 28. Rd6+ Kf7 29. Rf1 Kg8 30. Kd5 Be7 31. Rc1 {Unable to read both
scoresheets.} 1-0

[Event "4NCL Division 2b"]
[Site "Telford, ENG"]
[Date "2018.03.17"]
[Round "7.84"]
[White "Verma, Aditya"]
[Black "Davies, Matthew"]
[Result "1-0"]
[WhiteElo "2002"]
[BlackElo "2006"]
[PlyCount "73"]
[EventDate "2018.03.17"]
[WhiteTeam "KJCA Kings"]
[BlackTeam "West is Best 2"]

1. e4 e6 2. d4 d5 3. Nc3 Nf6 4. Bg5 dxe4 5. Bxf6 gxf6 6. Nxe4 f5 7. Ng3 Nd7 8.
Nf3 c5 9. c3 Be7 10. d5 Nf6 11. dxe6 Qxd1+ 12. Rxd1 Bxe6 13. Bb5+ Kf8 14. O-O
Ne4 15. Rfe1 Nd6 16. Bd3 Rd8 17. Bb1 h5 18. Ne2 Rh6 19. Nf4 Ne8 20. Rxd8 Bxd8
21. Ne5 Bc7 22. Neg6+ fxg6 23. Nxe6+ Kf7 24. Bd3 Rh8 25. Bc4 Kf6 26. Nxc5 b6
27. Nd7+ Kg5 28. g3 Nd6 29. f4+ Kh6 30. Bd5 Rd8 31. Ne5 a5 32. c4 Kg7 33. Kf1
Nc8 34. Nc6 Rf8 35. Nd4 Kf6 36. Re6+ Kg7 37. Rc6 1-0